000 00843nas a2200265 4500
001 BR2012004089
003 BR-BrBNA
005 20231205120648.0
007 ta
008 230509b bl.|||p| |||| 00| 00por d
040 _aBR-BrBNA
_bpor
_cBiblioteca Nacional de Agricultura
041 _a(Pt)
072 _aF70
100 1 _aEggers, L.
100 1 _aBoldrini, I.L.
245 1 _aEspécies silvestres do gênero Hordeum L. (Graminae)ocorrentes no Estado do Rio Grande do Sul
500 _a220 ref.; Summaries (En, Pt); 11 illus
650 _aGRAMINEAE
650 _aESPÉCIE
650 _aRIO GRANDE DO SUL
650 _aDISTRIBUIÇÃO GEOGRÁFICA
773 0 _tIheringia. Série Botânica (Brazil)
_xISSN 0073-4705
_g(Jun 1988), v. 37 p. 71-87
_wBR2012004089
909 _a202311
_bLúcia
_c55
_dLúcia Elande
942 _2AGRIS
_n0
_cANA
999 _c219629
_d219629